| 000 | 00585nam a22001937a 4500 | ||
|---|---|---|---|
| 999 |
_c138486 _d138486 |
||
| 005 | 20181205113122.0 | ||
| 010 | _aENG-117593 | ||
| 020 |
_a9789350359709 _c1195.00 |
||
| 035 | _aEN-101125 | ||
| 037 | _bDABD/PUB | ||
| 082 | _a345.025 | ||
| 100 | _aRashid M.A. | ||
| 245 |
_aHandbook on offences and punishments / _cby M.A. Rashid |
||
| 250 | _a4th ed | ||
| 260 |
_aGurgaon _bLexisNexis _c2017 |
||
| 270 |
_a14th Floor Building No.10, Tower-B, DLF Cyber City, Phase-II, _bGurgaon _e122002 |
||
| 300 |
_axxi,880p. _c24cm(Hb) |
||
| 942 |
_2ddc _cEN _h345.025 _mRAS |
||